Japan's UNESCO World Heritage Sites 日本の世界遺産 - Statistics

General Stats
  • This quiz has been taken 55 times
  • The average score is 13 of 25
Answer Stats
地方 Area 登録名 Official name % Correct
関西 Kansai 古都京都の文化財(京都市、宇治市、大津市) Historic Monuments of Ancient Kyoto (Kyoto, Uji and Otsu Cities)
85%
関西 Kansai 古都奈良の文化財 Historic Monuments of Ancient Nara
78%
中部 Chubu 富士山―信仰の対象と芸術の源泉 Fujisan, sacred place and source of artistic inspiration
76%
九州 Kyushu 長崎と天草地方の潜伏キリシタン関連遺産 Hidden Christian Sites in the Nagasaki Region
71%
中国 Chugoku 原爆ドーム Hiroshima Peace Memorial (Genbaku Dome)
71%
関西 Kansai 姫路城 Himeji-jō
66%
関東 Kanto 日光の社寺 Shrines and Temples of Nikkō
63%
九州 Kyushu 屋久島 Yakushima
61%
北海道 Hokkaido 知床 Shiretoko
59%
中部 Chubu 白川郷・五箇山の合掌造り集落 Historic Villages of Shirakawa-gō and Gokayama
56%
中国 Chugoku 厳島神社 Itsukushima Shrine
54%
関東 Kanto 富岡製糸場と絹産業遺産群 Tomioka Silk Mill and Related Sites
54%
東北 Tohoku 白神山地 Shirakami-Sanchi
51%
中国 Chugoku 石見銀山遺跡とその文化的景観 Iwami Ginzan Silver Mine and its Cultural Landscape
44%
関西 Kansai 百舌鳥・古市古墳群 -古代日本の墳墓群- Mozu-Furuichi Kofungun, Ancient Tumulus Clusters
44%
関東 Kanto 小笠原諸島 Ogasawara Islands
44%
東北 Tohoku 平泉―仏国土(浄土)を表す建築・庭園及び考古学的遺跡群― Hiraizumi – Temples, Gardens and Archaeological Sites Representing the Buddhist Pure Land
41%
関西 Kansai 紀伊山地の霊場と参詣道 Sacred Sites and Pilgrimage Routes in the Kii Mountain Range
41%
関西 Kansai 法隆寺地域の仏教建造物 Buddhist Monuments in the Hōryū-ji Area
39%
九州 Kyushu 琉球王国のグスク及び関連遺産群 Gusuku Sites and Related Properties of the Kingdom of Ryukyu
39%
北海道.東北 Hokkaido, Tohoku 北海道・北東北の縄文遺跡群 Jōmon Prehistoric Sites in Northern Japan
39%
東北.中部.中国.九州 Tohoku, Chubu, Chugoku, Kyushu 明治日本の産業革命遺産 製鉄・製鋼、造船、石炭産業 Sites of Japan's Meiji Industrial Revolution: Iron and Steel, Shipbuilding and Coal Mining
37%
九州 Kyushu 奄美大島、徳之島、沖縄島北部及び西表島 Amami-Ōshima Island, Tokunoshima Island, northern part of Okinawa Island, and Iriomote Island
34%
関東 Kanto ル・コルビュジエの建築作品-近代建築運動への顕著な貢献- The Architectural Work of Le Corbusier, an Outstanding Contribution to the Modern Movement
27%
九州 Kyushu 「神宿る島」宗像・沖ノ島と関連遺産群 Sacred Island of Okinoshima and Associated Sites in the Munakata Region
17%
No matching quizzes found
Score Distribution
Percent of People with Each Score
Percentile by Number Answered
Your Score History
You have not taken this quiz